An Assessment of Performance of Indian Textiles Industry (Record no. 26363)

MARC details
000 -LEADER
fixed length control field 00511nam a22001457a 4500
082 ## - DEWEY DECIMAL CLASSIFICATION NUMBER
Classification number RB.0282
100 ## - MAIN ENTRY--AUTHOR NAME
Personal name Bhandari, Anup Kumar
Affiliation Indian Institute of Technology Madras
Place Chennai
245 ## - TITLE STATEMENT
Title An Assessment of Performance of Indian Textiles Industry
Sub Title :1999-2000 to 2014-2015
260 ## - PUBLICATION, DISTRIBUTION, ETC. (IMPRINT)
Place of publication Chennai
Year of publication 2017
300 ## - PHYSICAL DESCRIPTION
Number of Pages 72p.
504 ## - BIBLIOGRAPHY, ETC. NOTE
Bibliography, etc Include Bibliography
536 ## - FUNDING INFORMATION NOTE
Funding Agency Indian Council of Social Science Research, New Delhi
650 ## - SUBJECT ADDED ENTRY--TOPICAL TERM
Topical Term Manufacturing industries
Form subdivision Textile industry
Geographic subdivision India
942 ## - ADDED ENTRY ELEMENTS (KOHA)
Koha item type Research Reports
Source of classification or shelving scheme Dewey Decimal Classification
Holdings
Withdrawn status Lost status Damaged status Not for loan Collection code Home library Current library Date acquired Full call number Accession Number Price effective from Koha item type
      Not For Loan ICSSR Research Project Reports NASSDOC Library NASSDOC Library 24/12/2020 RB.0282 51109 30/12/2020 Research Reports